00333pab a2200133 454500008004000000100002000040245006000060260000900120300001300129362001000142650002000152650001200172773001500184180718b2015 xxu||||| |||| 00| 0 eng d aRao, A.V.V.S.K. aModi government's budget sans destination and direction c2015 ap.19-23. a9 May aBudgets - India aBudgets aMainstream